000 00462nam a22001817a 4500
003 OSt
005 20240809114721.0
008 240809b |||||||| |||| 00| 0 eng d
020 _a978-93-5549-038-4
040 _cSBCL
082 _a920
_bCHA-K
100 _aChandy,Oomen
245 _aKaalam Saakshi
260 _aKozhikkode
_bMathrubhumi Books
_c2023
300 _a410p.
650 _2History & geography
_aBiography, genealogy & insignia
942 _cBOOK
999 _c136186
_d136186